100 Premier League Appearances: Aston Villa - Statistics

General Stats
  • This quiz has been taken 27 times
  • The average score is 5 of 15
Answers on the Grid
Answers color-coded by a green-red scale on the quiz's grid according to % correct below.
Alan Wright
Leon Bailey
Anwar El Ghazi
Gareth Barry
Brad Guzan
Karim El Ahmadi
Marc Albrighton
Olof Mellberg
Youri Tielemans
Jack Grealish
John Carew
Carlos Sanchez
Ashley Young
Darius Vassell
Ulises de la Cruz
Jhon Duran
Brad Friedel
Darren Bent
Tom Cleverley
Danny Ings
Dwight Yorke
Gareth Southgate
Ron Vlaar
Charles N'Zogbia
Jacob Ramsey
James Collins
Mark Bosnich
Gabriel Agbonlahor
Luke Moore
Ollie Watkins
 
Answer Stats
Answer % Correct
Gareth Barry
83%
Olof Mellberg
50%
Alan Wright
39%
Ashley Young
39%
Gabriel Agbonlahor
39%
Brad Guzan
33%
Dwight Yorke
33%
Gareth Southgate
33%
Ollie Watkins
33%
Mark Bosnich
28%
Brad Friedel
22%
Darius Vassell
22%
Leon Bailey
22%
John Carew
17%
Jacob Ramsey
11%
No matching quizzes found
Score Distribution
Percent of People with Each Score
Percentile by Number Answered
Your Score History
You have not taken this quiz